<?xml version="1.0" encoding="UTF-8"?>
<record
    xmlns:xsi="http://www.w3.org/2001/XMLSchema-instance"
    xsi:schemaLocation="http://www.loc.gov/MARC21/slim http://www.loc.gov/standards/marcxml/schema/MARC21slim.xsd"
    xmlns="http://www.loc.gov/MARC21/slim">

  <leader>00594nam a2200193 i 4500</leader>
  <controlfield tag="001">58397</controlfield>
  <controlfield tag="003">ES-MaACL</controlfield>
  <controlfield tag="005">20251012212309.0</controlfield>
  <controlfield tag="007">t|</controlfield>
  <controlfield tag="008">031022s1910    be af        |||| |bfre d</controlfield>
  <datafield tag="100" ind1="1" ind2=" ">
    <subfield code="a">Durand-Gr&#xE8;ville, E.</subfield>
    <subfield code="9">46267</subfield>
  </datafield>
  <datafield tag="245" ind1="1" ind2="0">
    <subfield code="a">Hubert et Jean Van Eyck / </subfield>
    <subfield code="c">E. Durand-Gr&#xE8;ville.</subfield>
  </datafield>
  <datafield tag="260" ind1=" " ind2=" ">
    <subfield code="a">Bruxelles : </subfield>
    <subfield code="b">[s.n., </subfield>
    <subfield code="c">1910] (</subfield>
    <subfield code="f">Imp. J. E. Buschmaun)</subfield>
  </datafield>
  <datafield tag="300" ind1=" " ind2=" ">
    <subfield code="a">192 p., 77 l&#xE1;m. ; </subfield>
    <subfield code="c">28 cm.</subfield>
  </datafield>
  <datafield tag="600" ind1="1" ind2="7">
    <subfield code="a">Eyck, Hubert van, </subfield>
    <subfield code="d">1366-1426</subfield>
    <subfield code="2"></subfield>
    <subfield code="9">150509</subfield>
  </datafield>
  <datafield tag="600" ind1="1" ind2="7">
    <subfield code="a">Eyck, Jan van, </subfield>
    <subfield code="d">1390-1440</subfield>
    <subfield code="2"></subfield>
    <subfield code="9">150508</subfield>
  </datafield>
  <datafield tag="852" ind1=" " ind2=" ">
    <subfield code="a">ES-MaACL</subfield>
    <subfield code="j">F-295</subfield>
  </datafield>
  <datafield tag="999" ind1=" " ind2=" ">
    <subfield code="c">58397</subfield>
    <subfield code="d">58397</subfield>
  </datafield>
  <datafield tag="952" ind1=" " ind2=" ">
    <subfield code="0">0</subfield>
    <subfield code="1">0</subfield>
    <subfield code="4">0</subfield>
    <subfield code="7">0</subfield>
    <subfield code="a">ATENEOM</subfield>
    <subfield code="b">ATENEOM</subfield>
    <subfield code="c">DEPO2</subfield>
    <subfield code="d">2008-01-17</subfield>
    <subfield code="e">SC</subfield>
    <subfield code="l">0</subfield>
    <subfield code="o">F-295</subfield>
    <subfield code="p">1061276</subfield>
    <subfield code="r">2023-02-23 00:00:00</subfield>
    <subfield code="w">2023-02-23</subfield>
    <subfield code="y">MONOGRAFIA</subfield>
  </datafield>
</record>
